| 000 | 00707nam a22002177a 4500 | ||
|---|---|---|---|
| 999 |
_c17270 _d17270 |
||
| 003 | AR-CdUCM | ||
| 008 | 190411b ||||| |||| 00| 0 spa d | ||
| 040 |
_aMUNICIPALIDAD PROVINCIAL DEL CUSCO _cBIBLIOTECA MUNICIPAL DEL CUSCO |
||
| 082 |
_a869.50 / _bS88 |
||
| 100 |
_aSueldo Guevara, Ruben _96569 |
||
| 245 |
_aNarradores Cuzqueños : _bSelección y notas de Ruben Sueldo Guevara / |
||
| 260 |
_aCuzco : _bPrimer festival del libro sur-peruano, _c1958. |
||
| 300 |
_a104 páginas ; _c17 cm. |
||
| 500 | _aNarraciones y cuentos | ||
| 650 |
_aNarraciones _9930 |
||
| 650 |
_aCuentos _9217 |
||
| 650 |
_aHistorias _92725 |
||
| 650 |
_aLiteratura _983 |
||
| 942 |
_2ddc _cLIBROS |
||
| 945 |
_arah _d07/05/2019 |
||